000 00815nam a2200241 i 4500
003 DO-SdBNP
005 20240709105225.0
007 ta
008 240709b2001 sp ac||| |||| 00| 0 spa d
020 _a8495602075
040 _aDO-SdBNP
_bspa
_cBNPHU
_erda
082 4 _222
100 _aMeyers, Jeffrey,
_eautor
_986021
245 1 0 _aGary Cooper :
_bel héroe americano /
_cJeffrey Meyers ; traductor, Gustavo Vecino
264 _aMadrid :
_bT & B,
_c2001.
300 _a370 páginas :
_bilustraciones, retratos;
_c24 cm.
500 _aIncluye datos biográficos del autor en la solapa de la cubierta
500 _aIncluye referencias bibliográficas y notas al pie de las páginas
590 _aInventariado, 2024/BT
700 _aVecino, Gustavo,
_etraductor
_986022
910 _aBtavárez
942 _2ddc
_cLBS1
999 _c57229
_d57229